Detalles MARC
| 000 -LÍDER |
| Campo fijo de descripción fija |
02537aam a2200373 i 4500 |
| 001 - NÚMERO DE CONTROL |
| Campo de control |
768714001 |
| 003 - IDENTIFICADOR DEL NÚMERO DE CONTROL |
| Campo de control |
CO-MdFUSB |
| 005 - FECHA Y HORA DE LA ULTIMA TRANSACCIÓN |
| control field |
20231205155307.0 |
| 007 - CAMPO FIJO DE DESCRIPCIÓN FIJA--INFORMACIÓN GENERAL |
| Campo fijo de descripción fija |
ta |
| 008 - ELEMENTOS DE LONGITUD FIJA -- INFORMACIÓN GENERAL |
| Campo fijo de descripción fija -- Información general |
230927t19961996flu||||g |||| 00| 0 spa d |
| 020 ## - NÚMERO INTERNACIONAL NORMALIZADO PARA LIBROS |
| Número Internacional Normalizado del libro |
0789902362 |
| 040 ## - FUENTE DE CATALOGACIÓN |
| Agencia de catalogación original |
CO-MdFUSB |
| Idioma de catalogación |
spa |
| Agencia que realiza la transcripción |
CO-MdFUSB |
| Agencia que realiza la modificación |
CO-MdFUSBC |
| Convenciones de la descripción |
rda |
| 041 ## - CÓDIGO DE IDIOMA |
| Código de idioma para texto/pista de sonido o título separado |
spa |
| 082 ## - NÚMERO DE CLASIFICACIÓN DECIMAL DEWEY |
| Número de la edición del Dewey |
23 |
| Número de clasificación |
227.8307 |
| Clave de autor-Numero de item |
V152 |
| 100 ## - ASIENTO PRINCIPAL--NOMBRE PERSONAL |
| Nombre personal |
Valencia, Vidal, |
| Término relacionador |
autor |
| 245 1# - TÍTULO |
| Título del Material |
Comentario bíblico del continente nuevo |
| Parte restante del título - Subtitulo |
: primera Timoteo, segunda Timoteo, Tito |
| Mención de responsabilidad, etc. |
/ Vidal Valencia |
| 250 ## - MENCIÓN DE EDICIÓN |
| Mención de edición |
Primera edición |
| 264 #1 - PRODUCCIÓN, PUBLICACIÓN, DISTRIBUCIÓN, MANUFACTURA, Y COPYRIGHT |
| Lugar de producción, publicación, distribución, manufactura |
Miami, Florida : |
| Nombre del productor, publicador, distribuidor |
Unilit, |
| Fecha de producción, publicación, distribución, manufactura, o copyright |
[1996] |
| 264 #4 - PRODUCCIÓN, PUBLICACIÓN, DISTRIBUCIÓN, MANUFACTURA, Y COPYRIGHT |
| Fecha de producción, publicación, distribución, manufactura, o copyright |
©1996 |
| 300 ## - DESCRIPCIÓN FÍSICA |
| Extensión |
239 páginas |
| Dimensiones |
; 21 cm. |
| 336 ## - TIPO DE CONTENIDO |
| Fuente |
rdacontent |
| Término de tipo de contenido |
texto |
| Código de tipo de contenido |
txt |
| 337 ## - TIPO DE MEDIO |
| Fuente |
rdamedia |
| Nombre del tipo de medio |
sin mediación |
| Código del tipo de medio |
n |
| 338 ## - TIPO DE SOPORTE |
| Fuente |
rdacarrier |
| Nombre del tipo de soporte |
volumen |
| Código Tipo de soporte |
nc |
| 505 ## - NOTA DE CONTENIDO |
| Nota de contenido con formato preestablecido |
Parte I. 1 Timoteo: I. Cuidado de la doctrina -- II. Cuidado de la Iglesia: El culto público -- III. Cuidado de la Iglesia: Sus oficiales -- IV. Cuidados del Pastor: Su ministerio -- V. Cuidado de la Iglesia: La disciplina VI. Cuidado de la Iglesia: Diferentes miembros -- <br/>Parte II. 2 Timoteo: I. Gratitud por la fe en Cristo -- II. Como ser buen testigo de Cristo -- III. Amor y gratitud al Pastor -- IV. Como triunfar sobre las penalidades -- V. El Pastor como maestro aprobado -- VI. Los hombres del futuro -- VII. La importancia de las escrituras -- VIII. Instrucciones para ejercer bien el ministerio --IX. Encargos y enseñanzas finales -- Parte III. Tito: I. Personajes principales de la epístola -- II. Características y propósito de los ancianos -- III. Los creyentes rebeldes deber ser reprendidos -- IV. Los cristianos y la doctrina -- V. La maravillosa gracia de Dios -- VI. Conducta del Cristianismo ante las autoridades -- VII. Imperativos y saludos finales. |
| 520 ## - NOTA DE RESUMEN, ETC. |
| Nota de sumario, etc. |
Este comentario expositivo es material original en el idioma español. En los distintos párrafos bíblicos se han tomado las ideas y se les ha extraído el contenido esencial. No intenta, esta obra, aclarar toda duda o contestar toda pregunta que pueda tener el maestro, predicador o estudioso de la Biblia. Si se ha querido estimular al predicador y ayudarlo a aplicar y predicar el pasaje bíblico. |
| 563 ## - NOTA DE ENCUADERNACIÓN |
| Nota de encuadernación |
Rústico |
| 630 07 - TITULO UNIFORME |
| Título uniforme |
Biblia. |
| Nombre de parte o sección de la obra |
Nuevo Testamento |
| Subdivisión de materia general |
Crítica, interpretación, etc. |
| 630 07 - TITULO UNIFORME |
| Título uniforme |
Biblia. |
| Nombre de parte o sección de la obra |
Timoteo, 1ª |
| Subdivisión de materia general |
Crítica, interpretación, etc. |
| 630 07 - TITULO UNIFORME |
| Título uniforme |
Biblia. |
| Nombre de parte o sección de la obra |
Timoteo, 2ª |
| Subdivisión de materia general |
Crítica, interpretación, etc. |
| 630 07 - TITULO UNIFORME |
| Título uniforme |
Biblia. |
| Nombre de parte o sección de la obra |
Tito |
| 700 ## - ASIENTO SECUNDARIO - NOMBRE PERSONAL |
| 9 (RLIN) |
8532 |
| Nombre personal |
Mirón, Jaime, |
| Responsabilidad |
editor |
| 942 ## - TIPO DE MATERIAL (KOHA) |
| Tipo de Item KOHA |
Libros General |
| 945 ## - INFORMACIÓN LOCAL DEL REGISTRO |
| Catalogador |
sor1564 |